000 00741nam a2200265Ia 4500
003 OSt
005 20221007101318.0
006 a|||||r|||| 00| 0
007 ta
008 221006b |||||||| |||| 00| 0 eng d
020 _a0691056447
024 _a6,219
037 _cTextual
040 _aLCO
_cLCO
_beng
041 _2eng
_aeng
082 _aW:19, L2
100 _aTanter Raymond Ed.
245 0 _aTheory and Policy in International Relations
260 _aNew
_bJersey Pinceton University Press U.S.A.
_c1972
300 _a250
650 _aINTERNATIONAL RELATIONS
700 _a Ullman Richard H. Ed.
942 _hW:19, L2
_cTEXL
999 _c1175782
_d1175782